Estudio de prefactibilidad para la obtencIón de alcohol anhidrico, proceso a baja presión.
保存先:
| 第一著者: | |
|---|---|
| フォーマット: | 図書 |
| 出版事項: |
San José, Costa Rica
1989
|
| 主題: | |
| タグ: |
タグ追加
タグなし, このレコードへの初めてのタグを付けませんか!
|
MARC
| LEADER | 00000nam a2200000Ia 4500 | ||
|---|---|---|---|
| 003 | 004892 | ||
| 005 | 20221231144334.0 | ||
| 008 | 140114s1989 cr a m 000 ||s d | ||
| 040 | |c cru CEDI | ||
| 090 | |a TFG 2296 | ||
| 100 | |a Campos Arroyo, Oscar |9 13069 | ||
| 245 | |a Estudio de prefactibilidad para la obtencIón de alcohol anhidrico, proceso a baja presión. | ||
| 260 | |c 1989 |a San José, Costa Rica | ||
| 300 | |a xi, 177 hojas : ilustraciones ; 28 cm. | ||
| 500 | |a Proyecto de graduación (licenciatura en ingeniería química)--Universidad de Costa Rica. Facultad de Ingeniería. Escuela de Ingenieria Química | ||
| 501 | |a Apendices (h. 59-177): A. Programa para el diseno del sistema de destilacion a baja presion--B. Resultados del programa--C. Calculos del estudio economico sistema de deshidratacion de alcohol a baja presion, alternativa 1--D. Calculos del | ||
| 650 | |x DESTILERIAS DE ALCOHOL |x COSTA RICA |9 12942 | ||
| 942 | |c TFG | ||
| 999 | |c 20381 |d 20381 | ||
